[Event "DEM U12 2017"]
[Site "Willingen GER"]
[Date "2017.06.09"]
[Round "10"]
[White "Lutz, Adam"]
[Black "Müller, Magnus"]
[Result "1/2-1/2"]
[Termination "normal"]
[Board "10"]
[WhiteElo "1787"]
[BlackElo "1599"]
[WhiteClock "00:55:17"]
[BlackClock "00:13:45"]
[PlyCount "71"]
[WhiteFideId "16226615"]
[BlackFideId "16230060"]
[EventCountry "GER"]
[EventRounds "11"]
[EventType "swiss"]
[EventDate "2017.06.03"]

1. e4 {[%clk 1:15:59]} 1... e5 {[%clk 1:15:54]} 2. Nf3 {[%clk 1:16:27]} 2...
Nc6 {[%clk 1:16:18]} 3. d4 {[%clk 1:16:54]} 3... exd4 {[%clk 1:16:41]} 4. Nxd4
{[%clk 1:17:20]} 4... Nf6 {[%clk 1:16:49]} 5. Nxc6 {[%clk 1:17:42]} 5... bxc6 {
[%clk 1:17:13]} 6. e5 {[%clk 1:18:08]} 6... Qe7 {[%clk 1:17:37]} 7. Qe2 { [%clk
1:18:34]} 7... Nd5 {[%clk 1:18:03]} 8. c4 {[%clk 1:19:01]} 8... Ba6 { [%clk
1:18:29]} 9. b3 {[%clk 1:19:28]} 9... g6 {[%clk 1:18:43]} 10. f4 { [%clk
1:19:48]} 10... Bg7 {[%clk 1:17:39]} 11. Qf2 {[%clk 1:19:58]} 11... Nb6 { [%clk
1:16:11]} 12. Ba3 {[%clk 1:20:09]} 12... Qe6 {[%clk 1:13:48]} 13. Nc3 { [%clk
1:19:58]} 13... d6 {[%clk 1:12:04]} 14. O-O-O {[%clk 1:13:49]} 14... O-O {[%clk
1:07:04]} 15. c5 {[%clk 1:12:36]} 15... Bxf1 {[%clk 1:06:34]} 16. Rhxf1 {[%clk
1:12:44]} 16... dxc5 {[%clk 1:05:05]} 17. Bxc5 {[%clk 1:11:13]} 17... Rfd8
{[%clk 1:04:59]} 18. Ne4 {[%clk 1:09:50]} 18... a5 {[%clk 1:05:14]} 19. Qh4
{[%clk 1:09:41]} 19... Qe8 {[%clk 1:03:00]} 20. f5 {[%clk 1:07:37]} 20... Rxd1+
{[%clk 0:58:42]} 21. Rxd1 {[%clk 1:07:28]} 21... Nd7 {[%clk 0:56:23]} 22. f6
{[%clk 1:05:40]} 22... Nxc5 {[%clk 0:56:24]} 23. Nxc5 {[%clk 1:04:19]} 23...
Qxe5 {[%clk 0:55:56]} 24. Nd7 {[%clk 1:04:37]} 24... Qc3+ {[%clk 0:55:59]} 25.
Kb1 {[%clk 1:04:01]} 25... a4 {[%clk 0:56:15]} 26. fxg7 {[%clk 1:04:12]} 26...
axb3 {[%clk 0:56:07]} 27. Nf6+ {[%clk 1:04:33]} 27... Kxg7 {[%clk 0:56:28]} 28.
Qxh7+ {[%clk 1:04:50]} 28... Kxf6 {[%clk 0:55:58]} 29. Rf1+ {[%clk 1:05:01]}
29... Kg5 {[%clk 0:54:55]} 30. h4+ {[%clk 0:59:28]} 30... Kg4 {[%clk 0:55:21]}
31. Rf4+ {[%clk 0:59:24]} 31... Kxf4 {[%clk 0:55:42]} 32. Qxf7+ {[%clk 0:59:48]
} 32... Ke3 {[%clk 0:52:17]} 33. Qf3+ {[%clk 0:56:55]} 33... Kd4 { [%clk
0:52:42]} 34. Qf6+ {[%clk 0:57:12]} 34... Kd3 {[%clk 0:28:54]} 35. Qf3+ { [%clk
0:55:11]} 35... Kc4 {[%clk 0:13:45]} 36. Qxc6+ {[%clk 0:55:17]} 1/2-1/2

[Event "DEM U12 2017"]
[Site "Willingen GER"]
[Date "2017.06.09"]
[Round "10"]
[White "Joppich, Til"]
[Black "Tham, Nam"]
[Result "1-0"]
[Termination "normal"]
[Board "11"]
[WhiteElo "1661"]
[BlackElo "1762"]
[WhiteClock "00:30:35"]
[BlackClock "00:14:37"]
[PlyCount "63"]
[WhiteFideId "16232917"]
[BlackFideId "12997331"]
[EventCountry "GER"]
[EventRounds "11"]
[EventType "swiss"]
[EventDate "2017.06.03"]

1. e4 {[%clk 1:15:47]} 1... e5 {[%clk 1:15:50]} 2. Nf3 {[%clk 1:16:11]} 2...
Nc6 {[%clk 1:16:11]} 3. Bc4 {[%clk 1:16:34]} 3... Bc5 {[%clk 1:16:33]} 4. c3 {
[%clk 1:16:45]} 4... Nf6 {[%clk 1:16:55]} 5. d3 {[%clk 1:16:57]} 5... d6 {
[%clk 1:17:13]} 6. O-O {[%clk 1:16:46]} 6... Bb6 {[%clk 1:16:57]} 7. a4 { [%clk
1:16:00]} 7... a5 {[%clk 1:17:16]} 8. Na3 {[%clk 1:16:19]} 8... Ne7 { [%clk
1:17:08]} 9. Nc2 {[%clk 1:16:02]} 9... Ng6 {[%clk 1:16:53]} 10. Be3 { [%clk
1:16:07]} 10... c6 {[%clk 1:14:25]} 11. Qe2 {[%clk 1:05:17]} 11... Bc7 { [%clk
1:12:39]} 12. h3 {[%clk 1:04:18]} 12... h6 {[%clk 1:12:36]} 13. Ba2 { [%clk
1:03:10]} 13... O-O {[%clk 1:12:32]} 14. Bd2 {[%clk 1:01:09]} 14... Nh7 { [%clk
1:12:02]} 15. d4 {[%clk 0:59:23]} 15... Qf6 {[%clk 1:12:17]} 16. Nh2 { [%clk
0:53:19]} 16... Re8 {[%clk 1:06:27]} 17. Ng4 {[%clk 0:52:03]} 17... Bxg4 {[%clk
1:02:26]} 18. Qxg4 {[%clk 0:51:12]} 18... Ng5 {[%clk 1:02:01]} 19. h4 { [%clk
0:48:05]} 19... Nxh4 {[%clk 0:58:08]} 20. f4 {[%clk 0:44:28]} 20... Ne6 { [%clk
0:36:48]} 21. fxe5 {[%clk 0:43:03]} 21... Qe7 {[%clk 0:33:59]} 22. Bxh6 { [%clk
0:41:34]} 22... Ng6 {[%clk 0:30:15]} 23. exd6 {[%clk 0:37:33]} 23... Bxd6
{[%clk 0:30:07]} 24. e5 {[%clk 0:35:35]} 24... gxh6 {[%clk 0:29:50]} 25. exd6 {
[%clk 0:35:48]} 25... Qxd6 {[%clk 0:30:16]} 26. Ne3 {[%clk 0:35:47]} 26... Qd7
{[%clk 0:21:09]} 27. Nf5 {[%clk 0:34:26]} 27... Kh7 {[%clk 0:19:40]} 28. Qh5 {
[%clk 0:34:41]} 28... Ngf8 {[%clk 0:15:27]} 29. Rf3 {[%clk 0:29:51]} 29... f6 {
[%clk 0:14:27]} 30. Qxh6+ {[%clk 0:29:56]} 30... Kg8 {[%clk 0:14:36]} 31. Rg3+
{[%clk 0:30:16]} 31... Kf7 {[%clk 0:14:37]} 32. Rg7# {[%clk 0:30:35]} 1-0

[Event "DEM U12 2017"]
[Site "Willingen GER"]
[Date "2017.06.09"]
[Round "10"]
[White "Rössel, Gino"]
[Black "Stockmann, Till"]
[Result "1-0"]
[Termination "normal"]
[Board "12"]
[WhiteElo "1714"]
[BlackElo "1724"]
[WhiteClock "00:16:29"]
[BlackClock "00:35:16"]
[PlyCount "59"]
[WhiteFideId "16203070"]
[BlackFideId "12979341"]
[EventCountry "GER"]
[EventRounds "11"]
[EventType "swiss"]
[EventDate "2017.06.03"]

1. e4 {[%clk 1:15:57]} 1... c5 {[%clk 1:15:52]} 2. Nf3 {[%clk 1:16:18]} 2...
Nc6 {[%clk 1:16:06]} 3. Bb5 {[%clk 1:16:23]} 3... Nf6 {[%clk 1:06:19]} 4. Bxc6
{[%clk 1:15:55]} 4... bxc6 {[%clk 1:05:44]} 5. e5 {[%clk 1:15:26]} 5... Nd5 {
[%clk 1:05:37]} 6. c4 {[%clk 1:14:50]} 6... Nb6 {[%clk 1:05:03]} 7. Qe2 { [%clk
1:06:24]} 7... g6 {[%clk 1:02:23]} 8. O-O {[%clk 1:01:46]} 8... Bg7 { [%clk
1:02:19]} 9. b3 {[%clk 0:58:58]} 9... O-O {[%clk 1:01:03]} 10. Bb2 { [%clk
0:57:50]} 10... Re8 {[%clk 0:58:18]} 11. Re1 {[%clk 0:54:26]} 11... d5 { [%clk
0:56:28]} 12. d3 {[%clk 0:51:58]} 12... Bg4 {[%clk 0:51:41]} 13. h3 { [%clk
0:51:45]} 13... Bd7 {[%clk 0:51:26]} 14. Ba3 {[%clk 0:49:57]} 14... Be6 { [%clk
0:44:22]} 15. Bxc5 {[%clk 0:46:36]} 15... Nd7 {[%clk 0:44:15]} 16. Bd4 { [%clk
0:45:56]} 16... c5 {[%clk 0:44:10]} 17. Bb2 {[%clk 0:46:04]} 17... a5 { [%clk
0:43:05]} 18. Nbd2 {[%clk 0:40:32]} 18... d4 {[%clk 0:42:28]} 19. Ne4 { [%clk
0:31:41]} 19... Qb6 {[%clk 0:40:28]} 20. Ned2 {[%clk 0:28:04]} 20... a4 { [%clk
0:39:23]} 21. g4 {[%clk 0:22:58]} 21... Nb8 {[%clk 0:37:45]} 22. Ng5 { [%clk
0:20:34]} 22... Bc8 {[%clk 0:36:28]} 23. Qf3 {[%clk 0:19:11]} 23... Qc6 { [%clk
0:35:50]} 24. Qxf7+ {[%clk 0:17:44]} 24... Kh8 {[%clk 0:36:14]} 25. Qf3 { [%clk
0:17:57]} 25... Qa6 {[%clk 0:35:37]} 26. Qd5 {[%clk 0:16:36]} 26... Nd7 { [%clk
0:34:38]} 27. Nf7+ {[%clk 0:15:45]} 27... Kg8 {[%clk 0:34:55]} 28. Nh6+ { [%clk
0:16:07]} 28... Kh8 {[%clk 0:34:50]} 29. Qg8+ {[%clk 0:16:29]} 29... Rxg8
{[%clk 0:35:16]} 30. Nf7# 1-0

[Event "DEM U12 2017"]
[Site "Willingen GER"]
[Date "2017.06.09"]
[Round "10"]
[White "Farokhi, Keyvan"]
[Black "Schauties, Nico Antonio"]
[Result "1/2-1/2"]
[Termination "normal"]
[Board "13"]
[WhiteElo "1735"]
[BlackElo "1711"]
[PlyCount "63"]
[WhiteFideId "12998630"]
[BlackFideId "16206371"]
[EventCountry "GER"]
[EventRounds "11"]
[EventType "swiss"]
[EventDate "2017.06.03"]

1. c4 c5 2. Nc3 Nc6 3. g3 g6 4. Bg2 Bg7 5. Nf3 e6 6. O-O Nge7 7. b3 O-O 8. Bb2
d5 9. e3 d4 10. Ne4 b6 11. exd4 cxd4 12. d3 Bb7 13. Re1 e5 14. c5 Rb8 15. cxb6
axb6 16. Ned2 Re8 17. Nc4 Nd5 18. Nfd2 Ncb4 19. Ne4 Bf8 20. Bc1 f5 21. Bg5 Qc7
22. Nf6+ Nxf6 23. Bxf6 Bg7 24. Bxg7 Kxg7 25. Bxb7 Rxb7 26. f4 Nc6 27. Rc1 Qb8
28. Qf3 Rc7 29. Nxe5 Nxe5 30. Rxc7+ Qxc7 31. Rxe5 Rxe5 32. fxe5 1/2-1/2

[Event "DEM U12 2017"]
[Site "Willingen GER"]
[Date "2017.06.09"]
[Round "10"]
[White "Schubert, Nikita"]
[Black "Großmann, Piet"]
[Result "0-1"]
[Termination "normal"]
[Board "14"]
[WhiteElo "1788"]
[BlackElo "1608"]
[PlyCount "54"]
[WhiteFideId "16212339"]
[BlackFideId "16234359"]
[EventCountry "GER"]
[EventRounds "11"]
[EventType "swiss"]
[EventDate "2017.06.03"]

1. e4 e6 2. d4 d5 3. Nd2 dxe4 4. Nxe4 Nd7 5. Nf3 Ngf6 6. Bd3 Be7 7. c3 O-O 8.
Ng3 b6 9. O-O Bb7 10. Re1 c5 11. dxc5 Nxc5 12. Be2 Qc7 13. Nd4 Rfd8 14. Qc2 a6
15. Bd2 Rd7 16. Rad1 Rad8 17. Bf3 Bxf3 18. Nxf3 Nd3 19. Rf1 Ng4 20. Bc1 Bc5 21.
Ne4 Nde5 22. Nxe5 Qxe5 23. g3 Rxd1 24. Rxd1 Rxd1+ 25. Qxd1 Qxe4 26. Qd8+ Bf8
27. Qd1 Nf6 0-1

[Event "DEM U12 2017"]
[Site "Willingen GER"]
[Date "2017.06.09"]
[Round "10"]
[White "Marschall, Tillmann"]
[Black "Röhr, Oliver"]
[Result "1/2-1/2"]
[Termination "normal"]
[Board "15"]
[WhiteElo "1613"]
[BlackElo "1706"]
[PlyCount "46"]
[WhiteFideId "12973220"]
[BlackFideId "12987697"]
[EventCountry "GER"]
[EventRounds "11"]
[EventType "swiss"]
[EventDate "2017.06.03"]

1. e4 e5 2. Nf3 Nc6 3. Bb5 a6 4. Ba4 Nf6 5. O-O Be7 6. Re1 b5 7. Bb3 O-O 8. h3
d5 9. exd5 Nxd5 10. Nxe5 Nxe5 11. Rxe5 c6 12. d3 Bd6 13. Re1 Be6 14. Nc3 Qd7
15. Nxd5 cxd5 16. Qf3 Rfe8 17. Bf4 Re7 18. Bxd6 Qxd6 19. Re2 Rc8 20. Rae1 f6
21. d4 Kh8 22. Qg3 Qd7 23. Qf3 h6 1/2-1/2

[Event "DEM U12 2017"]
[Site "Willingen GER"]
[Date "2017.06.09"]
[Round "10"]
[White "Mailitis, Ricardo"]
[Black "Wang, Xinyuan"]
[Result "1/2-1/2"]
[Termination "normal"]
[Board "16"]
[WhiteElo "1633"]
[BlackElo "1673"]
[PlyCount "64"]
[WhiteFideId "12977535"]
[BlackFideId "16221494"]
[EventCountry "GER"]
[EventRounds "11"]
[EventType "swiss"]
[EventDate "2017.06.03"]

1. e4 c5 2. Nf3 a6 3. c4 b6 4. Nc3 Bb7 5. Be2 e6 6. d4 cxd4 7. Nxd4 Qc7 8. Be3
Nf6 9. Qc2 d6 10. O-O Nbd7 11. Rac1 Be7 12. f3 Rc8 13. Nb3 Qb8 14. Qb1 Bd8 15.
Rfd1 Bc7 16. a4 O-O 17. Na1 Rfe8 18. Nc2 d5 19. g3 dxe4 20. fxe4 Bxg3 21. hxg3
Qxg3+ 22. Kf1 Nxe4 23. Nxe4 Bxe4 24. Bf2 Qh3+ 25. Ke1 Nc5 26. Bxc5 Rxc5 27. Rd4
Qg3+ 28. Kd1 Bxc2+ 29. Kxc2 Qe3 30. Rd2 Qe4+ 31. Kb3 Qc6 32. Qd3 g6 1/2-1/2

[Event "DEM U12 2017"]
[Site "Willingen GER"]
[Date "2017.06.09"]
[Round "10"]
[White "Milare, Tyron"]
[Black "Mainka, Alwin"]
[Result "1-0"]
[Termination "normal"]
[Board "17"]
[WhiteElo "1780"]
[BlackElo "1579"]
[PlyCount "91"]
[WhiteFideId "12987018"]
[BlackFideId "16241177"]
[EventCountry "GER"]
[EventRounds "11"]
[EventType "swiss"]
[EventDate "2017.06.03"]

1. Nf3 d5 2. d4 Nf6 3. c4 e6 4. Bg5 Nbd7 5. Nc3 c6 6. e3 Qa5 7. cxd5 exd5 8.
Bd3 Ne4 9. Qc2 Nxg5 10. Nxg5 h6 11. Nf3 Bd6 12. O-O O-O 13. a3 Nf6 14. b4 Qc7
15. h3 Bd7 16. Rac1 Rfc8 17. Qb2 Qd8 18. Rfe1 Nh7 19. Bxh7+ Kxh7 20. Na4 f5 21.
Nc5 b6 22. Nb7 Qc7 23. Nxd6 Qxd6 24. Ne5 Be8 25. Nd3 Rc7 26. Rc3 Rac8 27. Rec1
g5 28. Qc2 Kg7 29. b5 Qe6 30. Nb4 a5 31. Nxc6 Qf6 32. a4 g4 33. hxg4 fxg4 34.
Qe2 h5 35. e4 Bxc6 36. exd5 Re7 37. Qd2 Bb7 38. Rxc8 Bxc8 39. Rxc8 Qf5 40. Rc6
Qb1+ 41. Kh2 Qf5 42. d6 g3+ 43. fxg3 Rf7 44. Rc7 h4 45. Rxf7+ Kxf7 46. Qf4 1-0

[Event "DEM U12 2017"]
[Site "Willingen GER"]
[Date "2017.06.09"]
[Round "10"]
[White "Gallasch, Jonas"]
[Black "Haufe, Laurin"]
[Result "1/2-1/2"]
[Termination "normal"]
[Board "18"]
[WhiteElo "1813"]
[BlackElo "1665"]
[PlyCount "75"]
[WhiteFideId "16222474"]
[BlackFideId "12976504"]
[EventCountry "GER"]
[EventRounds "11"]
[EventType "swiss"]
[EventDate "2017.06.03"]

1. e4 c5 2. Nf3 d6 3. Bb5+ Bd7 4. Bxd7+ Qxd7 5. O-O Nf6 6. e5 dxe5 7. Nxe5 Qc7
8. d4 cxd4 9. Bf4 Qb6 10. Nd2 e6 11. Ndc4 Qd8 12. Qf3 Qd5 13. Rad1 Qxf3 14.
Nxf3 Nc6 15. Nxd4 Nxd4 16. Rxd4 Bc5 17. Rd3 O-O 18. Bd6 Rfc8 19. Bxc5 Rxc5 20.
Ne3 Kf8 21. Rfd1 Ke7 22. c3 Rcc8 23. Kf1 Rd8 24. Ke2 Rxd3 25. Rxd3 Rd8 26. Rxd8
Kxd8 27. Kd3 Kd7 28. Kd4 Kc6 29. Nc4 Nd7 30. Ne5+ Nxe5 31. Kxe5 Kc5 32. b3 a6
33. g4 b6 34. f4 b5 35. a3 Kc6 36. h4 Kd7 37. Kd4 Kd6 38. Ke4 1/2-1/2

[Event "DEM U12 2017"]
[Site "Willingen GER"]
[Date "2017.06.09"]
[Round "10"]
[White "von Krosigk, Florian"]
[Black "Reindl, Jork"]
[Result "1/2-1/2"]
[Termination "normal"]
[Board "19"]
[WhiteElo "1627"]
[BlackElo "1461"]
[PlyCount "97"]
[WhiteFideId "16227808"]
[BlackFideId "16200152"]
[EventCountry "GER"]
[EventRounds "11"]
[EventType "swiss"]
[EventDate "2017.06.03"]

1. e4 e6 2. d4 d5 3. Nc3 Bb4 4. e5 c5 5. a3 Bxc3+ 6. bxc3 Ne7 7. Qg4 Nf5 8. Bd3
h5 9. Qf4 Qc7 10. Bd2 Nc6 11. Nf3 Nce7 12. Nh4 cxd4 13. cxd4 Nxh4 14. Qxh4 Nf5
15. Bxf5 exf5 16. Bb4 Qd8 17. Qg3 g6 18. O-O Be6 19. Bd6 g5 20. f4 g4 21. Qb3
b6 22. a4 f6 23. Qb5+ Kf7 24. a5 fxe5 25. dxe5 h4 26. axb6 Qxb6+ 27. Qxb6 axb6
28. Rfb1 Rxa1 29. Rxa1 Bd7 30. Ra7 Ke6 31. c3 Rc8 32. Bb4 Rc4 33. Ra6 Rc6 34.
Kf2 b5 35. Rxc6+ Bxc6 36. h3 g3+ 37. Kf1 Kf7 38. Bc5 Ke6 39. Bd4 Bb7 40. Ke1
Kd7 41. Kd2 Bc8 42. Kd3 Kc6 43. e6 Bxe6 44. Bf6 d4 45. Kxd4 Bd5 46. Ke5 Bxg2
47. Kxf5 Bxh3+ 48. Kg5 b4 49. cxb4 1/2-1/2

[Event "DEM U12 2017"]
[Site "Willingen GER"]
[Date "2017.06.09"]
[Round "10"]
[White "Simukov, Erik"]
[Black "Pixa, Karl"]
[Result "1-0"]
[Termination "normal"]
[Board "20"]
[WhiteElo "1719"]
[BlackElo "1496"]
[PlyCount "57"]
[WhiteFideId "12995380"]
[BlackFideId "16240480"]
[EventCountry "GER"]
[EventRounds "11"]
[EventType "swiss"]
[EventDate "2017.06.03"]

1. e4 c5 2. Nc3 d6 3. Bc4 e6 4. f4 Nf6 5. d3 Be7 6. Nf3 O-O 7. O-O Nc6 8. a3 a6
9. h3 b5 10. Ba2 Bb7 11. Qe1 Rc8 12. Bd2 Qc7 13. Rc1 Rfd8 14. Nh4 d5 15. f5 Qd7
16. fxe6 fxe6 17. exd5 exd5 18. Rxf6 Bxf6 19. Nxd5 Kf8 20. Nxf6 Qd4+ 21. Be3
Qxf6 22. Bxc5+ Ne7 23. Qxe7+ Qxe7 24. Rf1+ Ke8 25. Bxe7 Bxg2 26. Nxg2 Kxe7 27.
Rf7+ Kd6 28. c3 Rd7 29. Rf4 1-0

[Event "DEM U12 2017"]
[Site "Willingen GER"]
[Date "2017.06.09"]
[Round "10"]
[White "Rashba, David"]
[Black "Zeuner, Ole"]
[Result "1/2-1/2"]
[Termination "normal"]
[Board "21"]
[WhiteElo "1508"]
[BlackElo "1764"]
[PlyCount "110"]
[WhiteFideId "16205499"]
[BlackFideId "12943576"]
[EventCountry "GER"]
[EventRounds "11"]
[EventType "swiss"]
[EventDate "2017.06.03"]

1. d4 Nf6 2. Bf4 c5 3. e3 cxd4 4. exd4 g6 5. c3 Bg7 6. Nf3 O-O 7. Bd3 d6 8. h3
Nc6 9. O-O b6 10. Re1 Bb7 11. Bc2 Rc8 12. Bb3 Na5 13. Ba4 Nc4 14. Bc1 a6 15.
Nbd2 Nxd2 16. Bxd2 b5 17. Bb3 Ne4 18. Bf4 Qb6 19. Bc2 f5 20. Nd2 Nxd2 21. Qxd2
Rfe8 22. Bb3+ Kh8 23. Be6 Rcd8 24. d5 Qc7 25. Qd3 Rf8 26. Re2 Bc8 27. Rae1 Bxe6
28. Rxe6 Bf6 29. Be3 Qc4 30. Qxc4 bxc4 31. Bd4 Rb8 32. Bxf6+ Rxf6 33. Rxf6 exf6
34. Re6 Rxb2 35. Rxd6 Rxa2 36. Rc6 Rd2 37. d6 a5 38. Ra6 Rd3 39. Rc6 Kg8 40.
Rxc4 Rxd6 41. Rc8+ Kf7 42. Rc7+ Ke6 43. Ra7 Rd5 44. Rxh7 Rd1+ 45. Kh2 Rd7 46.
Rh4 Ra7 47. Ra4 Kd5 48. g4 fxg4 49. hxg4 Kc5 50. c4 Kd4 51. Kg3 Kc3 52. c5 Kb3
53. Ra1 a4 54. c6 Kb2 55. c7 Rxc7 1/2-1/2

[Event "DEM U12 2017"]
[Site "Willingen GER"]
[Date "2017.06.09"]
[Round "10"]
[White "Chassard, Cedric"]
[Black "Danninger, Jannik"]
[Result "0-1"]
[Termination "normal"]
[Board "22"]
[WhiteElo "1290"]
[BlackElo "1642"]
[PlyCount "162"]
[WhiteFideId "16243536"]
[BlackFideId "16226402"]
[EventCountry "GER"]
[EventRounds "11"]
[EventType "swiss"]
[EventDate "2017.06.03"]

1. e4 c5 2. Bc4 Nc6 3. Nf3 g6 4. d3 Bg7 5. O-O d6 6. Nc3 e6 7. Bd2 Nge7 8. Qc1
O-O 9. Bh6 d5 10. Bxg7 Kxg7 11. exd5 exd5 12. Bb5 a6 13. Bxc6 Nxc6 14. Re1 b5
15. a3 Bb7 16. Qg5 Qxg5 17. Nxg5 Nd4 18. Rac1 h6 19. Nh3 Rfe8 20. Kf1 Rxe1+ 21.
Kxe1 Re8+ 22. Kf1 g5 23. Ng1 b4 24. axb4 cxb4 25. Nce2 Nb5 26. Nf3 d4 27. Nexd4
g4 28. Nxb5 gxf3 29. Nd6 fxg2+ 30. Kg1 Rb8 31. Nxb7 Rxb7 32. Kxg2 Re7 33. Kf3
a5 34. Ra1 Rc7 35. Rc1 Re7 36. c3 Rc7 37. Ke2 Kf6 38. Kd2 b3 39. Ra1 Rc5 40.
Ra3 Rf5 41. Ke3 Re5+ 42. Kf3 Rf5+ 43. Kg2 Rg5+ 44. Kf1 Rd5 45. d4 Rb5 46. c4
Rb4 47. Rxa5 Rxc4 48. Rb5 Rxd4 49. Rxb3 Rh4 50. Kg2 Rh5 51. Rf3+ Ke6 52. b4
Rg5+ 53. Rg3 Rb5 54. Rb3 Kd5 55. Kf3 Kc4 56. Rb1 Kc3 57. Rc1+ Kd4 58. Rc7 Rxb4
59. Rxf7 Ke5 60. Rh7 Rf4+ 61. Kg3 Rf6 62. Kg2 Kf5 63. Kg3 Kg6 64. Rh8 Kg7 65.
Ra8 h5 66. Ra5 Kh6 67. Ra4 Kg5 68. Ra5+ Kh6 69. Ra1 Kg7 70. Rg1 Rg6+ 71. Kh4
Rxg1 72. Kxh5 Rg2 73. h3 Rxf2 74. Kh4 Kh6 75. Kg4 Ra2 76. Kh4 Ra4+ 77. Kg3 Kh5
78. Kh2 Kh4 79. Kg2 Ra3 80. Kh1 Kg3 81. h4 Ra1# 0-1

[Event "DEM U12 2017"]
[Site "Willingen GER"]
[Date "2017.06.09"]
[Round "10"]
[White "Stepanov, Maximilian"]
[Black "Sinnhöfer, Joshua"]
[Result "0-1"]
[Termination "normal"]
[Board "23"]
[WhiteElo "1609"]
[BlackElo "1540"]
[PlyCount "114"]
[WhiteFideId "16244680"]
[BlackFideId "16201361"]
[EventCountry "GER"]
[EventRounds "11"]
[EventType "swiss"]
[EventDate "2017.06.03"]

1. d4 Nf6 2. Bf4 e6 3. e3 d5 4. c4 c5 5. cxd5 exd5 6. Nf3 Nc6 7. Bb5 Bd7 8. Nc3
Be7 9. O-O a6 10. Bxc6 Bxc6 11. dxc5 Bxc5 12. Nd4 O-O 13. Nxc6 bxc6 14. Ne2 Qb6
15. Rb1 Ne4 16. a3 a5 17. Be5 Rfe8 18. Bd4 Bxd4 19. Nxd4 Nd6 20. b3 Rad8 21.
Qc2 c5 22. Ne2 Nb5 23. Qb2 Qa6 24. Nf4 d4 25. exd4 cxd4 26. Rbd1 Nc3 27. Rd2
Re4 28. Nd3 Qb5 29. a4 Qc6 30. f3 Re3 31. Re1 Rde8 32. Rc1 Qg6 33. Nf4 Qb6 34.
Qc2 d3 35. Kf1 dxc2 36. Rdxc2 Qa6+ 37. Kf2 Re2+ 38. Nxe2 Rxe2+ 39. Rxe2 Qxe2+
40. Kg3 h6 41. h3 Qb2 42. Re1 Qxb3 43. Re8+ Kh7 44. Kh2 Qxa4 45. Re7 Qf4+ 46.
Kg1 a4 47. Re1 a3 48. Ra1 Nd5 49. Rxa3 Qc1+ 50. Kh2 Qxa3 51. h4 Qb2 52. Kh3 Ne3
53. Kg3 Qxg2+ 54. Kf4 Nd5+ 55. Ke4 Nf6+ 56. Kf4 g5+ 57. hxg5 Qxg5# 0-1

[Event "DEM U12 2017"]
[Site "Willingen GER"]
[Date "2017.06.09"]
[Round "10"]
[White "Stillbauer, Jan"]
[Black "Wildermuth, Nikolas Karl"]
[Result "1-0"]
[Termination "normal"]
[Board "24"]
[WhiteElo "1658"]
[BlackElo "1422"]
[PlyCount "91"]
[WhiteFideId "16239393"]
[BlackFideId "16244699"]
[EventCountry "GER"]
[EventRounds "11"]
[EventType "swiss"]
[EventDate "2017.06.03"]

1. e4 c5 2. Nf3 a6 3. c4 b6 4. Nc3 Bb7 5. d4 cxd4 6. Nxd4 e6 7. f3 Qc7 8. Be2
Nf6 9. O-O Nc6 10. Be3 Nxd4 11. Bxd4 Bd6 12. h3 h5 13. Qd2 Bf4 14. Qd3 h4 15.
Na4 b5 16. cxb5 axb5 17. Nb6 Rb8 18. Qxb5 Bc6 19. Qb3 Nh5 20. Rfd1 Bh2+ 21. Kf1
Nf4 22. Qe3 Nxg2 23. Qf2 Rh6 24. Kxg2 Rg6+ 25. Kh1 Bg3 26. Qf1 Rxb6 27. Bxb6
Qxb6 28. Bc4 Qxb2 29. Qe2 Qxe2 30. Bxe2 Be5 31. Rab1 Rg3 32. Rg1 Rxh3+ 33. Kg2
Rh2+ 34. Kf1 Bg3 35. Rg2 Rh1+ 36. Rg1 Rxg1+ 37. Kxg1 h3 38. Bb5 Kd8 39. Bxc6
dxc6 40. Rb7 Ke8 41. a4 g5 42. a5 Kd8 43. a6 Kc8 44. Rxf7 Bc7 45. a7 Bb6+ 46.
Kh2 1-0

[Event "DEM U12 2017"]
[Site "Willingen GER"]
[Date "2017.06.09"]
[Round "10"]
[White "Tran, Minh Dat"]
[Black "Lauterbach, Kolja"]
[Result "0-1"]
[Termination "normal"]
[Board "25"]
[WhiteElo "1403"]
[BlackElo "1358"]
[PlyCount "100"]
[WhiteFideId "16244702"]
[BlackFideId "16235916"]
[EventCountry "GER"]
[EventRounds "11"]
[EventType "swiss"]
[EventDate "2017.06.03"]

1. e4 e5 2. Nf3 Nc6 3. Bc4 Nf6 4. d3 Bc5 5. Nc3 d6 6. Na4 Bb6 7. Nxb6 axb6 8.
Bb3 Bg4 9. h3 Bh5 10. c3 d5 11. exd5 Nxd5 12. O-O O-O 13. g4 Bg6 14. c4 Ndb4
15. Bc2 Bxd3 16. Bxd3 Qxd3 17. Qxd3 Nxd3 18. Rd1 Nc5 19. a3 Rfd8 20. Rxd8+ Rxd8
21. b4 Rd1+ 22. Kg2 Nb3 23. Rb1 Nxc1 24. Ng1 Nd4 25. a4 Ndb3 26. Ne2 Re1 27.
Nxc1 Nxc1 28. a5 Nd3 29. Rb3 Nf4+ 30. Kg3 f6 31. axb6 cxb6 32. c5 bxc5 33. bxc5
Rc1 34. Rxb7 Rxc5 35. Rb8+ Kf7 36. Rb7+ Kg6 37. h4 Rc3+ 38. f3 Ne6 39. h5+ Kh6
40. Re7 Ng5 41. Rd7 Rxf3+ 42. Kg2 e4 43. Rd5 e3 44. Ra5 e2 45. Ra1 Re3 46. Re1
Ne4 47. Kg1 Nc3 48. Kf2 Rd3 49. Rxe2 Nxe2 50. g5+ Kxg5 0-1

[Event "DEM U12 2017"]
[Site "Willingen GER"]
[Date "2017.06.09"]
[Round "10"]
[White "Gluma, Christian"]
[Black "Grabbel, Torben Frederik"]
[Result "1-0"]
[Termination "normal"]
[Board "26"]
[WhiteElo "1691"]
[BlackElo "1411"]
[PlyCount "81"]
[WhiteFideId "16223209"]
[BlackFideId "16219180"]
[EventCountry "GER"]
[EventRounds "11"]
[EventType "swiss"]
[EventDate "2017.06.03"]

1. e4 e5 2. Nf3 Nc6 3. Bc4 Bc5 4. c3 Nf6 5. d4 exd4 6. O-O dxc3 7. Nxc3 O-O 8.
Bg5 Be7 9. Re1 d6 10. b4 Ne5 11. Nxe5 dxe5 12. Qb3 Bg4 13. Re3 Bh5 14. Rh3 Bg6
15. Rd1 Qe8 16. Bxf6 Bxf6 17. Rhd3 Rd8 18. Nd5 Rc8 19. Nxf6+ gxf6 20. Rd7 Bxe4
21. g4 Bc6 22. R7d3 Ba4 23. Qb1 Bxd1 24. Rh3 e4 25. Qxd1 Rd8 26. Qc1 e3 27.
Rxe3 Qa4 28. Bb3 Qxb4 29. Qb1 Qf4 30. Rh3 h6 31. Qg6+ Kh8 32. Rxh6+ Qxh6 33.
Qxh6+ Kg8 34. Qg6+ Kh8 35. Qxf6+ Kg8 36. Qg6+ Kh8 37. Bxf7 Rd6 38. Qh5+ Kg7 39.
Bb3 Rh8 40. Qf7+ Kh6 41. h4 1-0

[Event "DEM U12 2017"]
[Site "Willingen GER"]
[Date "2017.06.09"]
[Round "10"]
[White "Frank, Marek"]
[Black "Kühn, Antoni"]
[Result "1-0"]
[Termination "normal"]
[Board "27"]
[WhiteElo "1639"]
[BlackElo "940"]
[PlyCount "43"]
[WhiteFideId "16239520"]
[BlackFideId "16244710"]
[EventCountry "GER"]
[EventRounds "11"]
[EventType "swiss"]
[EventDate "2017.06.03"]

1. c4 c5 2. g3 d6 3. Bg2 Nd7 4. Nc3 e6 5. Nf3 Ne7 6. O-O g6 7. d3 Bg7 8. Rb1
O-O 9. Bd2 Rb8 10. Nb5 Qb6 11. Qe1 Nf5 12. Ba5 Qa6 13. e4 Nd4 14. Nfxd4 cxd4
15. Bc7 Ra8 16. Bxd6 Qb6 17. Bxf8 Bxf8 18. Qd2 e5 19. f4 exf4 20. Qxf4 Qf6 21.
Qxf6 Nxf6 22. Rxf6 1-0